000 00867cab a2200265 4500
001 WB3110-25
008 090401t1995 xxu||||| |||| 00| 0 eng d
035 _a(Sirsi) u22605
041 _aeng
245 _aProperty investment
260 _c1995
350 _a0
490 _aProperty Week
_v50(10) 9 March 1995, 13(1)
520 _aInflation and investment will push up occupier demand leading to rent increases, improving property investment, according to the monthly report from Institutional Property Forecasting Services.
650 _aCOLLIERS ERDMAN LEWIS
650 _aFORECASTS
650 _aINSTITUTIONAL PROPERTY FORECASTING SERVICES
650 _aINVESTMENT MARKET
650 _aIPFS
650 _aOCCUPIER DEMAND
650 _aRENTAL GROWTH
690 _aPROPERTY-PROPERTY FINANCE AND INVESTMENT
942 _n0
948 _c04/03/1997
999 _c15149
_d15149